[Event "Challenge"]
[Site "http://www.queenalice.com/game.php?id=239979"]
[Date "2007.7.14"]
[Round "-"]
[White "changchnps"]
[Black "jolin_sim"]
[Result "0-1"]
[WhiteElo "1782"]
[BlackElo "1811"]

1. f4 c5 2. e4 d6 3. Nf3 e6 4. Nc3 Nc6 5. d3 g6 6. Be2 Bg7 7. O-O Nge7 8. Be3
O-O 9. e5 Nf5 10. Bf2 Nfd4 11. exd6 Qxd6 12. Nxd4 cxd4 13. Ne4 Qe7 14. a3 f5 15.
Ng5 e5 16. Nh3 e4 17. dxe4 fxe4 18. Bc4+ Kh8 19. Ng5 h6 20. Nf7+ Rxf7 21. Bxf7
Qxf7 22. Rb1 Be6 23. Bg3 Qf5 24. Re1 Bc4 25. b3 Bd5 26. c3 dxc3 27. Qc2 Nd4 0-1

[Event "AUTO-ADV-661"]
[Site "http://www.queenalice.com/game.php?id=277599"]
[Date "2007.9.27"]
[Round "1"]
[White "jolin_sim"]
[Black "Moro08"]
[Result "1-0"]
[WhiteElo "1881"]
[BlackElo "1641"]

1. d4 Nf6 2. Bf4 c5 3. c3 d5 4. dxc5 Nc6 5. e3 e5 6. Bg3 Bxc5 7. Bb5 Qe7 8. Ne2
O-O 9. O-O Bf5 10. Nd2 Rad8 11. Nb3 Bb6 12. Qd2 Ne4 13. Qc1 a6 14. Bd3 Nxg3 15.
Nxg3 1-0

[Event "AUTO-ADV-661"]
[Site "http://www.queenalice.com/game.php?id=277600"]
[Date "2007.9.27"]
[Round "1"]
[White "Moro08"]
[Black "jolin_sim"]
[Result "0-1"]
[WhiteElo "1648"]
[BlackElo "1874"]

1. e4 d6 2. d4 Nf6 3. Nc3 g6 4. Be3 Bg7 5. Qd2 c6 6. Bh6 O-O 7. O-O-O Be6 8. h4
Ng4 9. Bxg7 Kxg7 10. h5 Qa5 11. Kb1 Nf6 12. hxg6 fxg6 13. Qh6+ Kg8 14. Nf3 Kf7
15. Ng5+ Ke8 0-1

[Event "AUTO-ADV-661"]
[Site "http://www.queenalice.com/game.php?id=277601"]
[Date "2007.9.27"]
[Round "1"]
[White "jolin_sim"]
[Black "Dougtzu"]
[Result "1-0"]
[WhiteElo "1826"]
[BlackElo "1784"]

1. d4 Nf6 2. Bf4 e6 3. Nf3 c5 4. e3 cxd4 5. Nxd4 Nc6 6. Nc3 Bb4 7. Nb5 Bxc3+ 8.
bxc3 O-O 9. Bd6 Ne7 10. Bc7 Qe8 11. Nd6 Ned5 12. Nxe8 Rxe8 13. Be5 Ne4 14. Bd3
Nexc3 15. Bxc3 Nxc3 16. Qd2 1-0

[Event "AUTO-ADV-661"]
[Site "http://www.queenalice.com/game.php?id=277602"]
[Date "2007.9.27"]
[Round "1"]
[White "Dougtzu"]
[Black "jolin_sim"]
[Result "1/2-1/2"]
[WhiteElo "1815"]
[BlackElo "1889"]

1. d4 d5 2. c4 c6 3. Nc3 e6 4. Nf3 Nf6 5. Bg5 Be7 6. e3 Nbd7 7. Qc2 O-O 8. Be2
b6 9. O-O h6 10. Bh4 a5 11. a4 Ba6 12. b3 Rb8 13. cxd5 Bxe2 14. Qxe2 cxd5 15.
Rac1 Ne4 16. Bxe7 Nxc3 17. Rxc3 Qxe7 18. Rfc1 Nf6 19. Rc7 Qb4 20. Qc2 Ne4 21. h3
Nd6 22. Ne5 Rbc8 23. Qd3 Rxc7 24. Rxc7 Qe1+ 25. Qf1 Qb4 26. Qb1 Rc8 27. Rd7 f6
1/2-1/2

[Event "Challenge"]
[Site "http://www.queenalice.com/game.php?id=282621"]
[Date "2007.10.7"]
[Round "-"]
[White "loh335"]
[Black "jolin_sim"]
[Result "0-1"]
[WhiteElo "1625"]
[BlackElo "1840"]

1. Nf3 d6 2. d4 Nf6 3. c4 g6 4. Nc3 Bg7 5. e4 O-O 6. g3 b6 7. Bg2 Bb7 8. Qe2
Nbd7 9. e5 dxe5 10. dxe5 Ng4 11. e6 Nde5 12. O-O Nxf3+ 13. Bxf3 Bxf3 14. Qxf3
Ne5 15. exf7+ Rxf7 16. Qe4 Nf3+ 17. Kh1 Rb8 18. Bf4 Nd2 19. Bxd2 Qxd2 20. Qc6
Rxf2 21. Rxf2 Qxf2 22. Qxc7 Qf3+ 0-1

[Event "Challenge"]
[Site "http://www.queenalice.com/game.php?id=293459"]
[Date "2007.10.26"]
[Round "-"]
[White "Mike36bh"]
[Black "jolin_sim"]
[Result "1-0"]
[WhiteElo "1752"]
[BlackElo "1888"]

1. d4 d5 2. Nc3 Nf6 3. Bf4 c6 4. h3 Bf5 5. e3 e6 6. a3 Bd6 7. Bxd6 Qxd6 8. Bd3
Bg6 9. Bxg6 hxg6 10. Nf3 Nbd7 11. Ng5 Rh5 12. Nf3 e5 13. dxe5 Nxe5 14. Nxe5 Qxe5
15. O-O O-O-O 16. Qe2 Rdh8 17. f4 Qe7 18. Qf3 Ne4 19. Nxe4 dxe4 20. Qe2 g5 21.
f5 Rh4 22. Kf2 Qe5 23. c3 Qxf5+ 24. Ke1 Qe6 25. Rd1 R4h6 26. c4 Qe5 27. Rxf7 Rf6
28. Qg4+ Kb8 29. Rxf6 gxf6 30. Rd2 a6 31. Ke2 Qc5 32. Qe6 f5 33. b4 Qf8 34. Qe5+
Ka8 35. b5 axb5 36. cxb5 cxb5 37. Qxb5 Rh7 38. Qa5+ Kb8 39. Rd8+ Qxd8 40. Qxd8+
1-0

[Event "Challenge"]
[Site "http://www.queenalice.com/game.php?id=298807"]
[Date "2007.11.5"]
[Round "-"]
[White "kyloh4320"]
[Black "jolin_sim"]
[Result "0-1"]
[WhiteElo "1484"]
[BlackElo "1886"]

1. e4 d6 2. d4 g6 3. c4 Bg7 4. Nc3 Nc6 5. Nge2 e5 6. d5 Nce7 7. Ng3 f5 8. Bd3 f4
9. Nge2 Nf6 10. f3 Bd7 11. Bd2 c6 12. Qc2 O-O 0-1

[Event "Challenge"]
[Site "http://www.queenalice.com/game.php?id=305733"]
[Date "2007.11.17"]
[Round "-"]
[White "jolin_sim"]
[Black "changchnps"]
[Result "1-0"]
[WhiteElo "1852"]
[BlackElo "1852"]

1. d4 Nf6 2. Nf3 g6 3. Bf4 Bg7 4. e3 d6 5. c3 O-O 6. Bd3 Bg4 7. Nbd2 e5 8. Bg5
h6 9. Bxf6 Qxf6 10. Qb3 Bxf3 11. Nxf3 b6 12. O-O c6 13. Rfd1 Nd7 14. dxe5 Nxe5
15. Be4 d5 16. Nxe5 Qxe5 17. Bf3 f5 18. c4 Qxb2 19. Qa4 b5 20. cxb5 cxb5 21. Qa6
Kh8 22. Qxg6 Rac8 23. Rab1 Qxa2 24. Rxb5 Qc4 25. Rbxd5 Rc6 26. Qh5 Rc5 27. g3 a5
28. Rd6 a4 29. Rxh6+ Bxh6 30. Qxh6+ Kg8 31. Rd7 1-0

[Event "AUTO-OPEN-943"]
[Site "http://www.queenalice.com/game.php?id=324067"]
[Date "2007.12.21"]
[Round "1"]
[White "jolin_sim"]
[Black "toninho89"]
[Result "0-1"]
[WhiteElo "1872"]
[BlackElo "2145"]

1. d4 d5 2. Nf3 Nf6 3. Bf4 e6 4. e3 Bd6 5. Bg3 O-O 6. c3 b6 7. Bd3 c5 8. Bxd6
Qxd6 9. O-O Nc6 10. Nbd2 e5 11. dxe5 Nxe5 12. Nxe5 Qxe5 13. Nf3 Qh5 14. Qc2 Bg4
15. Be2 Rfe8 16. h3 Bf5 17. Bd3 Bxh3 18. Rfd1 Bxg2 19. Kxg2 Qg4+ 20. Kf1 Qxf3
21. Ke1 d4 22. cxd4 cxd4 23. Be2 Qh1+ 24. Kd2 dxe3+ 25. fxe3 Qh2 26. Rh1 Rad8+
0-1

[Event "AUTO-OPEN-943"]
[Site "http://www.queenalice.com/game.php?id=324068"]
[Date "2007.12.21"]
[Round "1"]
[White "toninho89"]
[Black "jolin_sim"]
[Result "1-0"]
[WhiteElo "1889"]
[BlackElo "1867"]

1. e4 d6 2. d4 g6 3. Nc3 Bg7 4. f4 e6 5. Nf3 Ne7 6. Bd3 Nbc6 7. a3 Nxd4 8. Nxd4
Bxd4 9. Bb5+ c6 10. Qxd4 e5 11. fxe5 O-O 12. exd6 cxb5 13. Bh6 Nf5 14. exf5 Re8+
15. Kf1 f6 16. Qd5+ Kh8 17. Qf7 Rg8 18. Nd5 Bxf5 19. Nxf6 1-0

[Event "AUTO-OPEN-943"]
[Site "http://www.queenalice.com/game.php?id=324069"]
[Date "2007.12.21"]
[Round "1"]
[White "jolin_sim"]
[Black "arvo1938"]
[Result "0-1"]
[WhiteElo "1842"]
[BlackElo "1848"]

1. d4 Nf6 2. Nf3 c5 3. c3 cxd4 4. Nxd4 Nc6 5. Bf4 d6 6. e3 e5 7. Nxc6 bxc6 8.
Bg5 h6 9. Bh4 Be7 10. Bd3 a5 11. Nd2 Ba6 12. Qe2 Bxd3 13. Qxd3 Rb8 14. b3 Nd5
15. Bxe7 Qxe7 16. O-O O-O 17. h3 Nb6 18. Ne4 Rfd8 19. Rfd1 d5 20. Ng3 a4 21. Qe2
axb3 22. axb3 e4 23. Nf5 Qf6 24. Nd4 c5 25. Nb5 Qe5 26. Qc2 Nd7 27. c4 Nf6 28.
Ra7 d4 29. exd4 cxd4 30. Qe2 d3 31. Qe3 Qb2 32. Nd4 Qxd4 0-1

[Event "AUTO-OPEN-943"]
[Site "http://www.queenalice.com/game.php?id=324070"]
[Date "2007.12.21"]
[Round "1"]
[White "arvo1938"]
[Black "jolin_sim"]
[Result "1-0"]
[WhiteElo "1938"]
[BlackElo "1826"]

1. e4 d6 2. d4 g6 3. f4 Bg7 4. Nf3 e6 5. c4 Ne7 6. Bd3 Nbc6 7. Bc2 O-O 8. O-O e5
9. fxe5 dxe5 10. d5 Nd4 11. Nxd4 exd4 12. Bg5 c5 13. Nd2 Qd6 14. Bxe7 Qxe7 15.
Qf3 Bd7 16. Rae1 Be5 17. Nb3 b6 18. Nc1 Qd6 19. g3 Bh3 20. Rf2 f5 21. exf5 Rxf5
22. Bxf5 Bxf5 23. Nd3 Re8 24. Rxe5 Rxe5 25. Nxe5 Qxe5 26. Re2 Qf6 27. b3 d3 28.
Rd2 Qd4+ 29. Qf2 Qe5 30. h4 Kg7 31. Kh2 Qa1 32. h5 Qe5 33. hxg6 hxg6 34. Qf4 Qe1
35. Qf2 Qe4 36. Qg2 Qe3 37. Qf2 Qh6+ 38. Kg1 Qg5 39. a3 1-0

[Event "Challenge"]
[Site "http://www.queenalice.com/game.php?id=326696"]
[Date "2007.12.27"]
[Round "-"]
[White "koutouzov"]
[Black "jolin_sim"]
[Result "0-1"]
[WhiteElo "1904"]
[BlackElo "1814"]

1. e4 d6 2. d4 g6 3. Nf3 Bg7 4. b3 Nc6 5. Bb5 Bd7 6. Bb2 a6 7. Bc4 e5 8. d5 Nce7
9. O-O f5 10. Nc3 Nf6 11. h3 fxe4 12. Ng5 O-O 13. Ncxe4 Nxe4 14. Nxe4 Nf5 15.
Qd2 h6 16. f4 Qh4 17. Rf3 Nd4 18. Bxd4 exd4 19. Raf1 Rf5 20. g4 Rf7 21. Qf2
Qxf2+ 22. R1xf2 Bb5 23. f5 Raf8 24. f6 Bh8 0-1

[Event "AUTO-ADV-661"]
[Site "http://www.queenalice.com/game.php?id=355364"]
[Date "2008.2.16"]
[Round "2"]
[White "salso"]
[Black "jolin_sim"]
[Result "0-1"]
[WhiteElo "2038"]
[BlackElo "1826"]

1. d4 d5 2. e3 Nf6 3. Bd3 c6 4. Nd2 Bg4 5. Ngf3 e6 6. c4 Bd6 7. Qb3 Qc7 8. c5
Be7 9. Ne5 Nbd7 10. Nxg4 Nxg4 11. h3 Ngf6 12. a3 O-O 13. f4 b6 14. cxb6 axb6 15.
Nf3 c5 16. Bb5 c4 17. Qc2 Ne4 18. O-O Ndf6 19. Bd2 Nxd2 20. Nxd2 Nh5 21. g4 Ng3
22. Rf3 Bh4 23. Kg2 f6 24. e4 Ne2 25. Raf1 Nxd4 26. Qc3 Nxb5 27. Qe3 d4 28. Qe2
d3 29. Qe3 Rad8 30. Rc1 c3 31. bxc3 Nxa3 32. Nb3 Nc2 33. Qd2 g5 34. Rxd3 Ne1+
35. Rxe1 Bxe1 36. Rxd8 Bxd2 37. Rxf8+ Kxf8 38. Nxd2 Qxf4 0-1

[Event "AUTO-ADV-661"]
[Site "http://www.queenalice.com/game.php?id=355365"]
[Date "2008.2.16"]
[Round "2"]
[White "jolin_sim"]
[Black "salso"]
[Result "0-1"]
[WhiteElo "1834"]
[BlackElo "2046"]

1. d4 d5 2. Nf3 f6 3. Bf4 g5 4. Bg3 h5 5. h3 Bf5 6. e3 c6 7. Bd3 Nh6 8. c3 Qd7
9. Qc2 Bxd3 10. Qxd3 Qf5 11. Qe2 Nd7 12. Nbd2 Nf7 13. e4 dxe4 14. Qxe4 Qxe4+ 15.
Nxe4 Nd6 16. Nxd6+ exd6 17. O-O-O Kf7 18. Nd2 d5 19. Rde1 Bg7 20. f3 Rhe8 21. h4
Kg6 22. Rxe8 Rxe8 23. Kd1 Bf8 24. Rf1 c5 25. Bf2 cxd4 26. Bxd4 Bc5 27. Nb3 Bxd4
28. Nxd4 gxh4 29. f4 Re4 30. Kd2 Nc5 31. b4 Nd7 32. Nb5 Nb6 33. Nd6 Nc4+ 34.
Nxc4 Rxc4 35. f5+ Kg5 36. a4 Kg4 37. Rf3 d4 0-1